000 00697nam a2200289Ia 4500
005 20260324140625.0
008 008 260324s9999 xx 000 0 eng d
020 _a9780429230059
037 _aEBOOK
040 _aCRL
040 _beng
040 _cCRL
041 _2eng
041 _aeng
084 _qCRL
100 _aKenichi Ohno; Kenichi Ohno
_91205116
245 0 _aJapanese Views on Economic Development
245 0 _bDiverse Paths to the Market
260 _bTaylor and Francis
260 _c1998
365 _a
365 _b325
856 _uhttp://www.taylorfrancis.com/books/9780429230059
942 _cEBOOK
999 _c1807365
_d1807365